Polskie miasta z województwem w nazwie cz.2 - Statystyki

Ogólne statystyki
  • Ten quiz został rozwiązany 24 razy
    19 od ostatniego zresetowania
  • Średni wynik to 9 z 16
Statystyki odpowiedzi
Wskazówka Odpowiedź % Poprawnych
Woj. Łodzkie Tomaszów Mazowiecki
78%
Woj. Łodzkie Aleksandrów Łódzki
72%
Woj. Łodzkie Rawa Mazowiecka
67%
Woj. Lubuskie Gorzów Wielkopolski
61%
Woj. Mazowieckie Grodzisk Mazowiecki
61%
Woj. Mazowieckie Mińsk Mazowiecki
61%
Woj. Mazowieckie Maków Mazowiecki
56%
Woj. Mazowieckie Nowy Dwór Mazowiecki
56%
Woj. Mazowieckie Ostrów Mazowiecka
56%
Woj. Mazowieckie Ożarów Mazowiecki
56%
Woj. Łodzkie Konstantynów Łódzki
50%
Woj. Podkarpackie Sędziszów Małopolski
50%
Woj. Mazowieckie Sokołów Podlaski
50%
Woj. Podkarpackie Głogów Małopolski
28%
Woj. Lubuskie Ośno Lubuskie
28%
Woj. Podkarpackie Sokołów Małopolski
28%
Nie znaleziono quizów pasujących do podanych kryteriów
Rozkład punktacji
Procent ludzi z każdym wynikiem
Percentyl według liczby udzielonych odpowiedzi
Twoja historia wyników
Nie rozwiązałeś tego quizu od ostatniego zresetowania